Romania : Selected Issues and Statistical Appendix.

This Selected Issues paper for Romania reports that the practice of nonpayment and arrears accumulation has been widespread in Romania. Managers of enterprises that remain in the pipeline for privatization for long periods of time have little incentive to reduce arrears. The state contributed to gro...

詳細記述

書誌詳細
団体著者: International Monetary Fund
フォーマット: 雑誌
言語:English
出版事項: Washington, D.C. : International Monetary Fund, 2004.
シリーズ:IMF Staff Country Reports; Country Report ; No. 2004/220
オンライン・アクセス:Full text available on IMF
LEADER 01588cas a2200241 a 4500
001 AALejournalIMF008654
008 230101c9999 xx r poo 0 0eng d
020 |c 5.00 USD 
020 |z 9781451832792 
022 |a 1934-7685 
040 |a BD-DhAAL  |c BD-DhAAL 
110 2 |a International Monetary Fund. 
245 1 0 |a Romania :   |b Selected Issues and Statistical Appendix. 
264 1 |a Washington, D.C. :  |b International Monetary Fund,  |c 2004. 
300 |a 1 online resource (98 pages) 
490 1 |a IMF Staff Country Reports 
500 |a <strong>Off-Campus Access:</strong> No User ID or Password Required 
500 |a <strong>On-Campus Access:</strong> No User ID or Password Required 
506 |a Electronic access restricted to authorized BRAC University faculty, staff and students 
520 3 |a This Selected Issues paper for Romania reports that the practice of nonpayment and arrears accumulation has been widespread in Romania. Managers of enterprises that remain in the pipeline for privatization for long periods of time have little incentive to reduce arrears. The state contributed to growth of arrears by accepting nonmonetary tax and utility payments, using tax offsets in procurement, and tolerating payment arrears. These practices have been prevalent at all levels of state and local government, as well as state utility companies. 
538 |a Mode of access: Internet 
830 0 |a IMF Staff Country Reports; Country Report ;  |v No. 2004/220 
856 4 0 |z Full text available on IMF  |u http://elibrary.imf.org/view/journals/002/2004/220/002.2004.issue-220-en.xml  |z IMF e-Library